Periodic Table Speed Round - Statistics

General Stats
  • This quiz has been taken 19 times
  • The average score is 11 of 16
Answer Stats
Hint Answer % Correct
C Carbon
86%
Ge Germanium
86%
F Fluorine
79%
Fe Iron
79%
Na Sodium
79%
Es Einsteinium
71%
G Gallium
71%
K Potassium
71%
Kr Krypton
64%
Mn Manganese
64%
Po Polonium
64%
U Uranium
64%
Au Gold
57%
Ag Silver
50%
Sb Antimony
43%
Hg Mercury
36%
No matching quizzes found
Score Distribution
Percent of People with Each Score
Percentile by Number Answered
Your Score History
You have not taken this quiz